[Event "ROM-chT (Women)"]
[Site "Eforie Nord"]
[Date "2023.09.29"]
[Round "7.3"]
[White "Rata, Anamaria"]
[Black "Balan, Briana Cleopatra"]
[Result "0-1"]
[WhiteElo "1660"]
[BlackElo "1791"]
[PlyCount "50"]
[EventDate "2023.09.23"]
[EventType "team-tourn"]
[EventRounds "7"]
[EventCountry "ROU"]
[SourceTitle "EXT 2024"]
[Source "ChessBase"]
[SourceDate "2023.10.10"]
[SourceVersion "1"]
[SourceVersionDate "2023.10.10"]
[SourceQuality "1"]
[WhiteTeam "Ploiesti (W)"]
[BlackTeam "Sighetu Marmatiei (W)"]
[WhiteTeamCountry "ROU"]
[BlackTeamCountry "ROU"]

1. e4 c5 2. Nf3 e6 3. d4 cxd4 4. Nxd4 a6 5. c4 Nf6 6. Nc3 Bb4 7. Bd3 Nc6 8. Nxc6 dxc6 9. 0-0 e5 10. Qc2 0-0 11. Bg5 h6 12. Bh4 Bc5 13. Kh1 Qe7 14. Rae1 g5 15. Bg3 Nh5 16. Qe2 Nf4 17. Bxf4 gxf4 18. a3 Qg5 19. Na4 Bd4 20. c5 Kh7 21. Rc1 Rg8 22. f3 Qh5 23. Nb6 Rg5 24. h3 Bxh3 25. gxh3 Qxh3+ 0-1

[Event "ROM-chT (Women)"]
[Site "Eforie Nord"]
[Date "2023.09.28"]
[Round "6.3"]
[White "Dragomirescu, Angela"]
[Black "Rata, Anamaria"]
[Result "1-0"]
[WhiteElo "2103"]
[BlackElo "1660"]
[PlyCount "85"]
[EventDate "2023.09.23"]
[EventType "team-tourn"]
[EventRounds "7"]
[EventCountry "ROU"]
[SourceTitle "EXT 2024"]
[Source "ChessBase"]
[SourceDate "2023.10.10"]
[SourceVersion "1"]
[SourceVersionDate "2023.10.10"]
[SourceQuality "1"]
[WhiteTeam "Timisoara Medicina (W)"]
[BlackTeam "Ploiesti (W)"]
[WhiteTeamCountry "ROU"]
[BlackTeamCountry "ROU"]

1. e4 c5 2. Nf3 d6 3. g3 Nc6 4. d3 g6 5. c3 Bg7 6. Bg2 Nf6 7. 0-0 0-0 8. Re1 Qc7 9. a3 Rb8 10. b4 b6 11. Bb2 Bb7 12. Nbd2 Nd7 13. d4 e5 14. dxc5 dxc5 15. b5 Nd8 16. Nc4 Ne6 17. Bh3 Rfe8 18. Nd6 Re7 19. Nxb7 Rxb7 20. Qd5 Ndf8 21. Rad1 Rd7 22. Qc4 Qd8 23. Rd5 Rxd5 24. exd5 Ng5 25. Nxg5 Qxg5 26. Rd1 Rb8 27. d6 Rd8 28. Qd5 Qf6 29. c4 Ne6 30. Bxe6 Qxe6 31. Qxe6 fxe6 32. Kf1 Kf7 33. Ke2 Kf6 34. h3 Kf5 35. g4+ Kg5 36. Ke3 Kh4 37. f3 Kxh3 38. Ke4 Kg3 39. Bxe5+ Bxe5 40. Kxe5 h5 41. gxh5 gxh5 42. d7 h4 43. Kxe6 1-0

[Event "ROM-chT (Women)"]
[Site "Eforie Nord"]
[Date "2023.09.25"]
[Round "3.3"]
[White "Lehaci, Miruna Daria"]
[Black "Rata, Anamaria"]
[Result "1-0"]
[WhiteElo "2238"]
[BlackElo "1660"]
[PlyCount "77"]
[EventDate "2023.09.23"]
[EventType "team-tourn"]
[EventRounds "7"]
[EventCountry "ROU"]
[SourceTitle "EXT 2024"]
[Source "ChessBase"]
[SourceDate "2023.10.10"]
[SourceVersion "1"]
[SourceVersionDate "2023.10.10"]
[SourceQuality "1"]
[WhiteTeam "Iasi (W)"]
[BlackTeam "Ploiesti (W)"]
[WhiteTeamCountry "ROU"]
[BlackTeamCountry "ROU"]

1. e4 c5 2. f4 d6 3. Nf3 Nc6 4. Bb5 Bd7 5. 0-0 g6 6. c3 Bg7 7. Kh1 Nf6 8. Qe2 0-0 9. d4 cxd4 10. cxd4 Rc8 11. Nc3 a6 12. Bd3 Qb6 13. e5 dxe5 14. dxe5 Ne8 15. Be3 Qa5 16. a3 Bg4 17. Qf2 Qc7 18. Rac1 Qb8 19. Nd5 Nc7 20. Nb6 Rcd8 21. Be4 Bf5 22. Bxc6 bxc6 23. Nd4 Be4 24. Nxc6 Bxc6 25. Rxc6 Ne6 26. Rfc1 Qb7 27. h3 Bh6 28. R6c4 Rd3 29. R1c3 Rd1+ 30. Kh2 Rfd8 31. Na4 R1d3 32. Rxd3 Rxd3 33. Bc1 Qd5 34. Nb6 Qb7 35. f5 Bxc1 36. fxe6 fxe6 37. Rxc1 Rd8 38. Qe3 Rf8 39. Rc2 1-0

[Event "EU-chT Cities&Town op rapid"]
[Site "Tornelo INT"]
[Date "2023.01.29"]
[Round "1.3"]
[White "Rata, Anamaria"]
[Black "Papasimakopoulos, Alexandros"]
[Result "1/2-1/2"]
[WhiteElo "1664"]
[BlackElo "2334"]
[PlyCount "74"]
[EventDate "2023.01.29"]
[EventType "team-swiss (rapid)"]
[EventRounds "9"]
[EventCountry "NET"]
[SourceTitle "EXT 2024"]
[Source "ChessBase"]
[SourceDate "2023.10.10"]
[SourceVersion "1"]
[SourceVersionDate "2023.10.10"]
[SourceQuality "1"]
[WhiteTeam "Snagov"]
[BlackTeam "Athens Kallithea"]
[WhiteTeamCountry "ROU"]
[BlackTeamCountry "GRE"]

1. e4 e6 2. d4 d5 3. Nd2 Nf6 4. e5 Nfd7 5. Bd3 c5 6. c3 Nc6 7. Ne2 cxd4 8. cxd4 f6 9. exf6 Nxf6 10. Nf3 Bd6 11. 0-0 Qc7 12. Bg5 0-0 13. Ng3 Bd7 14. Re1 h6 15. Bd2 Ng4 16. Re2 Rf6 17. Rc1 Raf8 18. Nf1 Rxf3 19. gxf3 Rxf3 20. Re3 Bxh2+ 21. Kg2 Rxf2+ 22. Kh1 Nxe3 23. Bxe3 Rxb2 24. Qg4 e5 25. Qh5 Bf4 26. Bxf4 exf4 27. Qg6 Ne7 28. Qh7+ Kf8 29. Rxc7 Bg4 30. Qh8+ Kf7 31. Qd8 Bf3+ 32. Kg1 Rg2+ 33. Kh1 Rxa2+ 34. Kg1 Rg2+ 35. Kh1 Ra2+ 36. Kg1 Rg2+ 37. Kh1 Ra2+ 1/2-1/2

[Event "EU-ch Cities&Town op"]
[Site "Tornelo INT"]
[Date "2023.01.29"]
[Round "?"]
[White "Rata, Anamaria"]
[Black "Perchard, Matthew"]
[Result "1-0"]
[WhiteElo "1664"]
[BlackElo "1506"]
[PlyCount "67"]
[EventDate "2023.01.29"]
[EventType "team-swiss"]
[EventRounds "9"]
[EventCountry "NET"]
[SourceTitle "CBM 212 Extra"]
[Source "ChessBase"]
[SourceDate "2023.03.31"]
[SourceVersion "1"]
[SourceVersionDate "2023.03.31"]
[SourceQuality "1"]
[WhiteTeam "Snagov"]
[BlackTeam "West London Hammersmith"]
[WhiteTeamCountry "ROU"]
[BlackTeamCountry "ENG"]

1. e4 e6 2. d4 d5 3. Nd2 dxe4 4. Nxe4 b6 5. Nf3 Be7 6. Bd3 Bb7 7. 0-0 Nf6 8. Re1 0-0 9. Qe2 Nbd7 10. Neg5 h6 11. Nxe6 Bxf3 12. gxf3 fxe6 13. Qxe6+ Kh8 14. Qxe7 Rf7 15. Qxf7 Qf8 16. Qg6 Qg8 17. Re7 Nf8 18. Qf5 Qd5 19. Re5 Qf7 20. Kh1 g6 21. Qf4 Qg7 22. Bd2 Nh5 23. Qe4 Nf6 24. Qxa8 N6d7 25. Re8 Qf7 26. Bxg6 Qxg6 27. Rxf8+ Nxf8 28. Qxf8+ Kh7 29. Rg1 Qxg1+ 30. Kxg1 c5 31. Bxh6 Kg6 32. h4 cxd4 33. h5+ Kh7 34. Qg7# 1-0

[Event "Cap Aurora FISCA op"]
[Site "Cap Aurora"]
[Date "2022.06.25"]
[Round "5"]
[White "Corbu, George Alexandru"]
[Black "Rata, Anamaria"]
[Result "0-1"]
[WhiteElo "1914"]
[BlackElo "1656"]
[PlyCount "134"]
[EventDate "2022.06.22"]
[EventType "swiss"]
[EventRounds "9"]
[EventCountry "ROU"]
[SourceTitle "EXT 2023"]
[Source "ChessBase"]
[SourceDate "2022.10.05"]
[SourceVersion "1"]
[SourceVersionDate "2022.10.05"]
[SourceQuality "1"]

1. d4 d5 2. c4 c6 3. Nf3 Nf6 4. e3 e6 5. b3 Nbd7 6. Bb2 b6 7. Nbd2 Bb7 8. Bd3 Be7 9. 0-0 0-0 10. Ne5 dxc4 11. Bxc4 c5 12. f4 cxd4 13. exd4 Nd5 14. Qe2 N7f6 15. g4 Nb4 16. Ndf3 Nfd5 17. Ne1 Nc6 18. N1d3 Bf6 19. Rad1 Qd6 20. Qf2 Rac8 21. g5 Be7 22. Ng4 a6 23. Nde5 Nxe5 24. fxe5 Qd8 25. h4 Bxg5 26. hxg5 Qxg5 27. Qg2 Ne3 28. Nxe3 Bxg2 29. Nxg2 b5 30. Bd3 h5 31. Rf4 f6 32. Rdf1 fxe5 33. Bh7+ Kxh7 34. Rxf8 Rxf8 35. Rxf8 h4 36. Rf3 Qg4 37. Kf2 e4 38. Re3 h3 39. Rg3 Qf5+ 40. Kg1 hxg2 41. Rxg2 e3 42. Bc3 Qf3 43. Be1 Qd1 44. Kf1 Qxd4 45. Ke2 Qb2+ 46. Kf3 Qc1 47. Re2 Qc6+ 48. Kxe3 Qc1+ 49. Kf3 Qc6+ 50. Ke3 Kg6 51. Bg3 Qc3+ 52. Kf2 Kf5 53. Re3 Qd2+ 54. Re2 Qd4+ 55. Kg2 Kg4 56. Be5 Qd3 57. Kf2 Qf5+ 58. Kg1 g5 59. Bb8 Kh5 60. Be5 g4 61. Bg3 Qc5+ 62. Kh2 Qc6 63. Rf2 Kg5 64. Re2 Kg6 65. Rf2 Qd5 66. Re2 Qf5 67. Rf2 Qd3 0-1

[Event "ROM-ch U18 Girls"]
[Site "Mamaia"]
[Date "2021.04.11"]
[Round "7"]
[White "Rata, Anamaria"]
[Black "Ciolacu, Alessia Mihaela"]
[Result "0-1"]
[WhiteElo "1666"]
[BlackElo "2052"]
[PlyCount "74"]
[EventDate "2021.04.07"]
[EventType "swiss"]
[EventRounds "9"]
[EventCountry "ROU"]
[SourceTitle "EXT 2022"]
[Source "ChessBase"]
[SourceDate "2021.10.06"]
[SourceVersion "1"]
[SourceVersionDate "2021.10.06"]
[SourceQuality "1"]

1. e4 c5 2. Nf3 d6 3. d4 cxd4 4. Nxd4 Nf6 5. Nc3 a6 6. Be3 e5 7. Nb3 Be6 8. Qd2 Nbd7 9. 0-0-0 Be7 10. f4 b5 11. Kb1 Qc7 12. Be2 0-0 13. f5 b4 14. Nd5 Bxd5 15. exd5 a5 16. Bf3 Rfc8 17. g4 e4 18. Be2 Nxd5 19. Qxd5 Qxc2+ 20. Ka1 Qxe2 21. Qxe4 Bf6 22. Rd2 Qa6 23. g5 a4 24. Nd4 Nc5 25. Qd5 Bxd4 26. Rxd4 Nb3+ 27. Kb1 Nxd4 28. Qxd4 Qe2 29. f6 a3 30. Qd2 Qf3 31. Rc1 Qe4+ 32. Ka1 Rxc1+ 33. Qxc1 axb2+ 34. Kxb2 Qd5 35. a4 bxa3+ 36. Ka1 Rb8 37. Qd2 Qb3 0-1

[Event "ROM-ch U18 Girls"]
[Site "Mamaia"]
[Date "2021.04.10"]
[Round "5"]
[White "Rata, Anamaria"]
[Black "Lehaci, Miruna Daria"]
[Result "0-1"]
[WhiteElo "1666"]
[BlackElo "2188"]
[PlyCount "62"]
[EventDate "2021.04.07"]
[EventType "swiss"]
[EventRounds "9"]
[EventCountry "ROU"]
[SourceTitle "EXT 2022"]
[Source "ChessBase"]
[SourceDate "2021.10.06"]
[SourceVersion "1"]
[SourceVersionDate "2021.10.06"]
[SourceQuality "1"]

1. e4 c5 2. Nf3 d6 3. d4 cxd4 4. Nxd4 Nf6 5. Nc3 Nc6 6. Be3 Ng4 7. Qd2 Nxe3 8. fxe3 g6 9. 0-0-0 Bg7 10. Bc4 Ne5 11. Bb3 Bd7 12. Rhf1 0-0 13. Nf3 Rc8 14. Nd5 Nc4 15. Bxc4 Rxc4 16. Nd4 b5 17. Rf2 e6 18. Nc3 Qb6 19. h4 Rfc8 20. Qd3 Be8 21. g4 b4 22. Nb1 Qa5 23. Qb3 Ba4 24. Qd3 Bxc2 25. Rxc2 Rxc2+ 26. Nxc2 Qxa2 27. Kd2 Qxb2 28. Ke1 Rxc2 29. Nd2 Rxd2 30. Rxd2 Bc3 31. Ke2 Qxd2+ 0-1

[Event "ROM-ch U18 Girls"]
[Site "Mamaia"]
[Date "2021.04.08"]
[Round "2"]
[White "Marin, Alexia Iuliana"]
[Black "Rata, Anamaria"]
[Result "1-0"]
[WhiteElo "1307"]
[BlackElo "1666"]
[PlyCount "63"]
[EventDate "2021.04.07"]
[EventType "swiss"]
[EventRounds "9"]
[EventCountry "ROU"]
[SourceTitle "EXT 2022"]
[Source "ChessBase"]
[SourceDate "2021.10.06"]
[SourceVersion "1"]
[SourceVersionDate "2021.10.06"]
[SourceQuality "1"]

1. d4 f5 2. c4 Nf6 3. Nc3 g6 4. h4 Bg7 5. h5 Nxh5 6. e4 Nf6 7. exf5 gxf5 8. Bh6 Bxh6 9. Rxh6 e6 10. d5 Qe7 11. Be2 Qg7 12. Rh2 Na6 13. Bh5+ Nxh5 14. Qxh5+ Qf7 15. dxe6 dxe6 16. Qh4 Bd7 17. 0-0-0 Qe7 18. Qh5+ Kd8 19. Nf3 Kc8 20. Ne5 Bc6 21. Ng6 Qg7 22. Nxh8 Qxh8 23. Qxh7 Qxh7 24. Rxh7 b6 25. Re7 Bxg2 26. Rxe6 Kb7 27. Rf6 Bh3 28. Rd7 Nc5 29. Rh7 Nd3+ 30. Kc2 Nxf2 31. Nb5 Rc8 32. Nd6+ 1-0

[Event "ROM-ch U18 Girls"]
[Site "Mamaia"]
[Date "2021.04.07"]
[Round "1"]
[White "Rata, Anamaria"]
[Black "Covrig, Larisa Raluca"]
[Result "0-1"]
[WhiteElo "1666"]
[BlackElo "1692"]
[PlyCount "100"]
[EventDate "2021.04.07"]
[EventType "swiss"]
[EventRounds "9"]
[EventCountry "ROU"]
[SourceTitle "EXT 2022"]
[Source "ChessBase"]
[SourceDate "2021.10.06"]
[SourceVersion "1"]
[SourceVersionDate "2021.10.06"]
[SourceQuality "1"]

1. e4 c5 2. Nf3 d6 3. d4 cxd4 4. Nxd4 Nf6 5. Nc3 Nc6 6. Be3 Ng4 7. Bb5 Nxe3 8. Nxc6 Nxd1 9. Nxd8+ Kxd8 10. Rxd1 e6 11. 0-0 a6 12. Ba4 Be7 13. Ne2 b5 14. Bb3 Kc7 15. Nd4 Bb7 16. f3 Rac8 17. Rd3 Kb6 18. c3 a5 19. Rfd1 Ba6 20. Re3 a4 21. Bc2 Bg5 22. Ree1 a3 23. bxa3 Rxc3 24. Bb3 Rhc8 25. Kf2 Bb7 26. Rb1 Ba6 27. Bd1 Rc1 28. Be2 Rxe1 29. Kxe1 Rc1+ 30. Rxc1 Bxc1 31. Nc2 Bb7 32. Kd1 Bb2 33. Kd2 Bc6 34. Kd3 Ka5 35. Nd4 Bxd4 36. Kxd4 Ka4 37. e5 dxe5+ 38. Kxe5 Bd5 39. Kd6 Bc4 40. Bd1+ Kxa3 41. Kc5 Kxa2 42. Kb4 Kb2 43. f4 Kc1 44. Bf3 Kd2 45. Be4 h6 46. Bc6 Ke3 47. g3 f6 48. Bb7 e5 49. fxe5 fxe5 50. Bc6 e4 0-1

[Event "ROM-ch U16 Girls"]
[Site "Calimanesti Caciulata"]
[Date "2019.04.22"]
[Round "9"]
[White "Covrig, Larisa Raluca"]
[Black "Rata, Anamaria"]
[Result "1-0"]
[WhiteElo "1749"]
[BlackElo "1800"]
[PlyCount "71"]
[EventDate "2019.04.15"]
[EventType "swiss"]
[EventRounds "9"]
[EventCountry "ROU"]
[SourceTitle "CBM 190 Extra"]
[Source "ChessBase"]
[SourceDate "2019.07.15"]
[SourceVersion "1"]
[SourceVersionDate "2019.07.15"]
[SourceQuality "1"]

1. e4 c5 2. Nc3 d6 3. f4 Nc6 4. Bb5 Bd7 5. d3 g6 6. Nf3 Bg7 7. Bc4 e6 8. 0-0 Nge7 9. d4 cxd4 10. Nb5 Qb8 11. Bb3 0-0 12. Nbxd4 a6 13. a4 Qc7 14. c3 Rad8 15. Nc2 Na5 16. Ne3 Qb6 17. Ba2 Rc8 18. Kh1 Rfd8 19. Rb1 Qc7 20. f5 exf5 21. Ng5 Rf8 22. Bxf7+ Rxf7 23. Nxf7 Kxf7 24. exf5 gxf5 25. g4 Qc6+ 26. Kg1 Qe4 27. gxf5 Qxb1 28. Qxd6 Bc6 29. Qe6+ Ke8 30. f6 Qg6+ 31. Ng4 Qe4 32. Qxe4 Bxe4 33. fxg7 Bd5 34. Nf6+ Kd8 35. Nxd5 Nxd5 36. g8Q+ 1-0

[Event "ROM-ch U16 Girls"]
[Site "Calimanesti Caciulata"]
[Date "2019.04.21"]
[Round "8"]
[White "Rata, Anamaria"]
[Black "Dumitru, Silvia Alexandra"]
[Result "1-0"]
[WhiteElo "1800"]
[BlackElo "1268"]
[PlyCount "95"]
[EventDate "2019.04.15"]
[EventType "swiss"]
[EventRounds "9"]
[EventCountry "ROU"]
[SourceTitle "CBM 190 Extra"]
[Source "ChessBase"]
[SourceDate "2019.07.15"]
[SourceVersion "1"]
[SourceVersionDate "2019.07.15"]
[SourceQuality "1"]

1. e4 e5 2. Nf3 Nc6 3. Bc4 Bc5 4. c3 Nf6 5. d4 exd4 6. e5 Ne4 7. cxd4 Bb4+ 8. Bd2 Nxd2 9. Nbxd2 d6 10. 0-0 Bg4 11. exd6 Bxd6 12. Re1+ Be7 13. Qb3 0-0 14. Qxb7 Qd7 15. Bxf7+ Kxf7 16. Qxc6 Bf6 17. Qxd7+ Bxd7 18. Ne5+ Ke6 19. Nxd7+ Kxd7 20. Nf3 Rab8 21. b3 Rb4 22. Ne5+ Kd6 23. Rad1 c6 24. Rd3 Kc7 25. Rc3 Rb6 26. Re4 Bxe5 27. dxe5 Re8 28. f4 Kd7 29. Rd4+ Kc7 30. Rd6 Rf8 31. Rcd3 Rg8 32. e6 Rbb8 33. Rd7+ Kb6 34. e7 Rbe8 35. Rd8 Kb5 36. g4 g6 37. Rxe8 Rxe8 38. Re3 Kb6 39. f5 gxf5 40. gxf5 Kc7 41. f6 Rg8+ 42. Kf2 Kd7 43. f7 Rg6 44. e8Q+ Kc7 45. Qe7+ Kb6 46. Qb4+ Kc7 47. Re7+ Kd8 48. f8R# 1-0

[Event "ROM-ch U16 Girls"]
[Site "Calimanesti Caciulata"]
[Date "2019.04.17"]
[Round "4"]
[White "Lupascu, Diana Elena"]
[Black "Rata, Anamaria"]
[Result "0-1"]
[WhiteElo "1680"]
[BlackElo "1800"]
[PlyCount "142"]
[EventDate "2019.04.15"]
[EventType "swiss"]
[EventRounds "9"]
[EventCountry "ROU"]
[SourceTitle "CBM 190 Extra"]
[Source "ChessBase"]
[SourceDate "2019.07.15"]
[SourceVersion "1"]
[SourceVersionDate "2019.07.15"]
[SourceQuality "1"]

1. d4 d5 2. Nf3 Nf6 3. g3 b5 4. Qd3 Ba6 5. Bg2 e6 6. 0-0 c5 7. dxc5 Bxc5 8. Bf4 Qb6 9. Qd1 0-0 10. c3 Nc6 11. b4 Be7 12. Nbd2 Rac8 13. Qb3 Nb8 14. Ne5 Nbd7 15. Rfc1 Bb7 16. a4 a6 17. Ndf3 Nxe5 18. Nxe5 Rfd8 19. Be3 Qc7 20. Nd3 Ne4 21. Bd4 Bd6 22. f3 Nd2 23. Qc2 Nc4 24. axb5 axb5 25. Ra7 Ra8 26. Rca1 Rxa7 27. Rxa7 Ra8 28. Rxa8+ Bxa8 29. Nc5 Nb6 30. Qa2 Bc6 31. Qa5 Na4 32. Qa6 e5 33. Nxa4 exd4 34. Nc5 dxc3 35. Nd3 Qb7 36. Qa5 Bc7 37. Qa1 Bb6+ 38. Kf1 Bd4 39. e3 Bxe3 40. Qxc3 d4 41. Qc2 Bxf3 42. Ne5 Bxg2+ 43. Qxg2 Qxg2+ 44. Kxg2 f6 45. Nc6 d3 46. Kf3 Bc1 47. Nd4 Bd2 48. Ke4 Bxb4 49. Kxd3 Bc5 50. Nxb5 Bg1 51. h3 Bf2 52. g4 Kf7 53. Nd6+ Ke6 54. Ne4 Bb6 55. Ng3 Ke5 56. Nf5 g6 57. Ne7 Bc5 58. Nc6+ Kf4 59. Nd8 Kg3 60. Ke4 Kxh3 61. Kf3 Bd4 62. Ne6 Be5 63. Nf8 h5 64. gxh5 gxh5 65. Ng6 h4 66. Ne7 Kh2 67. Nf5 h3 68. Kf2 Bc7 69. Kf3 Kg1 70. Nd4 h2 71. Ne2+ Kf1 0-1

[Event "ROM-chT U18 Girls"]
[Site "Iasi"]
[Date "2018.07.16"]
[Round "4.1"]
[White "Nistor, Valentina"]
[Black "Rata, Anamaria"]
[Result "1-0"]
[WhiteElo "1886"]
[BlackElo "1762"]
[PlyCount "119"]
[EventDate "2018.07.13"]
[EventType "team-tourn"]
[EventRounds "6"]
[EventCountry "ROU"]
[SourceTitle "EXT 2019"]
[Source "ChessBase"]
[SourceDate "2018.10.10"]
[SourceVersion "1"]
[SourceVersionDate "2018.10.10"]
[SourceQuality "1"]
[WhiteTeam "Ploiesti Petrolul"]
[BlackTeam "Ploiesti Universitar"]
[WhiteTeamCountry "ROU"]
[BlackTeamCountry "ROU"]

1. e4 c5 2. Nc3 Nc6 3. f4 g6 4. Nf3 Bg7 5. g3 d6 6. h3 e6 7. Bg2 Nge7 8. 0-0 0-0 9. d3 b6 10. Ne2 e5 11. c3 f5 12. Ng5 Qe8 13. Kh2 h6 14. Qb3+ Kh8 15. Nf3 Bb7 16. Be3 Na5 17. Qc2 c4 18. Nd2 cxd3 19. Qxd3 fxe4 20. Nxe4 Nf5 21. fxe5 Bxe5 22. Bf4 d5 23. Nf2 Rd8 24. Bxe5+ Qxe5 25. Ng4 Qd6 26. Nd4 h5 27. Nxf5 gxf5 28. Ne3 f4 29. Qd4+ Qf6 30. Rxf4 Qxd4 31. Rxd4 Rf2 32. b4 Nc6 33. Rh4 Ne7 34. Rxh5+ Kg7 35. Kg1 Re2 36. Nf5+ Kg6 37. Nxe7+ Kxh5 38. Bf3+ Kg5 39. Bxe2 Re8 40. h4+ Kf6 41. Nxd5+ Bxd5 42. Kf2 Rf8 43. c4 Ke5+ 44. Ke3 Be6 45. Rf1 Rg8 46. Rg1 Bg4 47. Bxg4 Rxg4 48. Kd3 Rd4+ 49. Kc3 Rg4 50. Re1+ Kd6 51. Re3 a6 52. a4 a5 53. Kb3 Kd7 54. Rc3 Kd6 55. bxa5 bxa5 56. Kc2 Kc5 57. Kb3 Rg6 58. Rf3 Rg4 59. Rf5+ Kb6 60. Rg5 1-0

[Event "ROM-chT U18 Girls"]
[Site "Iasi"]
[Date "2018.07.13"]
[Round "1.1"]
[White "Rata, Anamaria"]
[Black "Nistor, Valentina"]
[Result "0-1"]
[WhiteElo "1762"]
[BlackElo "1886"]
[PlyCount "84"]
[EventDate "2018.07.13"]
[EventType "team-tourn"]
[EventRounds "6"]
[EventCountry "ROU"]
[SourceTitle "EXT 2019"]
[Source "ChessBase"]
[SourceDate "2018.10.10"]
[SourceVersion "1"]
[SourceVersionDate "2018.10.10"]
[SourceQuality "1"]
[WhiteTeam "Ploiesti Universitar"]
[BlackTeam "Ploiesti Petrolul"]
[WhiteTeamCountry "ROU"]
[BlackTeamCountry "ROU"]

1. e4 e5 2. Nf3 Nc6 3. Bc4 Be7 4. d4 exd4 5. Nxd4 Nf6 6. Nxc6 dxc6 7. Qxd8+ Bxd8 8. f3 Bd7 9. Nc3 b5 10. Be2 Be7 11. Be3 a5 12. Rd1 Be6 13. 0-0 0-0 14. e5 Nd7 15. f4 f5 16. Bf3 Ra6 17. Ne2 c5 18. Bd5 Bxd5 19. Rxd5 Nb6 20. Rd3 c6 21. c3 Nd5 22. Bc1 Rd8 23. h3 h5 24. g4 hxg4 25. hxg4 fxg4 26. Rg3 Ra7 27. Rxg4 Kf7 28. f5 Rh8 29. f6 gxf6 30. exf6 Nxf6 31. Bg5 Rg8 32. Rg2 Rd7 33. Nf4 c4 34. Nh5 Rd6 35. Kh1 Rh8 36. Rh2 c5 37. Kg1 Rg8 38. Rg2 b4 39. Kh1 Rh8 40. Kg1 Rxh5 41. Be3 Re6 42. Bg5 Ke8 0-1

[Event "EU-ch U14 Girls 27th"]
[Site "Mamaia"]
[Date "2017.09.12"]
[Round "7"]
[White "Rata, Anamaria"]
[Black "Yurasova, Daria"]
[Result "0-1"]
[WhiteElo "1552"]
[BlackElo "1942"]
[PlyCount "56"]
[EventDate "2017.09.05"]
[EventType "swiss"]
[EventRounds "9"]
[EventCountry "ROU"]
[SourceTitle "CBM 180 Extra"]
[Source "ChessBase"]
[SourceDate "2017.10.06"]
[SourceVersion "1"]
[SourceVersionDate "2017.10.06"]
[SourceQuality "1"]

1. e4 c5 2. Nf3 b6 3. d4 cxd4 4. Nxd4 Bb7 5. Nc3 a6 6. Be3 d6 7. Qd2 Nf6 8. f3 e6 9. g4 h6 10. 0-0-0 Nbd7 11. h4 Qc7 12. Bh3 Ne5 13. g5 Nh5 14. f4 Nc4 15. Qd3 hxg5 16. fxg5 g6 17. Rhg1 Bg7 18. Ndb5 axb5 19. Nxb5 Bxb2+ 20. Kb1 Na3+ 21. Kxb2 Nxb5 22. Qxb5+ Bc6 23. Qc4 0-0 24. Bg4 Ng7 25. Qd4 Qa7 26. Qc4 Qa3+ 27. Kb1 Ra4 28. Qb3 Rb4 0-1

[Event "EU-ch U14 Girls 27th"]
[Site "Mamaia"]
[Date "2017.09.05"]
[Round "1"]
[White "Rata, Anamaria"]
[Black "Kuzich, Aryna"]
[Result "1/2-1/2"]
[WhiteElo "1552"]
[BlackElo "1828"]
[PlyCount "92"]
[EventDate "2017.09.05"]
[EventType "swiss"]
[EventRounds "9"]
[EventCountry "ROU"]
[SourceTitle "CBM 180 Extra"]
[Source "ChessBase"]
[SourceDate "2017.10.06"]
[SourceVersion "1"]
[SourceVersionDate "2017.10.06"]
[SourceQuality "1"]

1. e4 e5 2. Nf3 Nf6 3. Nxe5 d6 4. Nf3 Nxe4 5. d3 Nf6 6. Nc3 d5 7. d4 Bd6 8. Bg5 c6 9. Bd3 0-0 10. Qd2 Re8+ 11. Ne2 Na6 12. Bxa6 bxa6 13. 0-0 Bg4 14. Qd3 h6 15. Bh4 Re4 16. Bg3 Rb8 17. b3 Rb7 18. Bxd6 Qxd6 19. Ng3 Bxf3 20. Qxf3 Re8 21. Rae1 Rxe1 22. Rxe1 Re7 23. Qc3 Ne4 24. Rxe4 Rxe4 25. Nxe4 dxe4 26. b4 Qd5 27. Qb2 a5 28. bxa5 Qxa5 29. c3 Kh7 30. a3 Qa4 31. Qc1 Qb3 32. h3 Kg8 33. Kf1 Kf8 34. Ke1 f5 35. g3 Ke7 36. Kd2 Qa2+ 37. Ke1 Ke6 38. Kf1 Qc4+ 39. Kg1 Qb3 40. Kg2 g5 41. h4 Kf6 42. hxg5+ hxg5 43. Qh1 Qxc3 44. Qh6+ Kf7 45. Qh7+ Kf6 46. Qh6+ Kf7 1/2-1/2

[Event "ROM-ch U14 Girls"]
[Site "Baile Felix"]
[Date "2017.02.05"]
[Round "5"]
[White "Rata, Anamaria"]
[Black "Avadani, Teodora"]
[Result "0-1"]
[WhiteElo "1496"]
[BlackElo "1563"]
[PlyCount "156"]
[EventDate "2017.02.02"]
[EventType "swiss"]
[EventRounds "9"]
[EventCountry "ROU"]
[SourceTitle "CBM 176 Extra"]
[Source "ChessBase"]
[SourceDate "2017.03.02"]
[SourceVersion "1"]
[SourceVersionDate "2017.03.02"]
[SourceQuality "1"]

1. e4 e5 2. Nf3 Nc6 3. Bc4 d6 4. c3 Be6 5. Bb3 Nf6 6. d3 h6 7. Bxe6 fxe6 8. Qb3 Qc8 9. h3 d5 10. exd5 exd5 11. 0-0 Bd6 12. Re1 0-0 13. Na3 a6 14. c4 dxc4 15. Nxc4 Qe6 16. Ncxe5 Qxb3 17. axb3 Nb4 18. Re2 Rfe8 19. d4 Re7 20. Bf4 Rae8 21. Kf1 Nd3 22. Bh2 Nd7 23. Rc2 N7xe5 24. Bxe5 Bxe5 25. Nxe5 Nxe5 26. dxe5 g5 27. Rac1 c6 28. Ke2 Rxe5+ 29. Kf3 h5 30. Rd1 R8e7 31. Rd6 Kg7 32. Rd4 Kf6 33. g3 Rd5 34. Rxd5 cxd5 35. Rc5 Ke5 36. g4 h4 37. Rc2 Kd6 38. Rc8 d4 39. Rg8 Re5 40. b4 Kc6 41. Rd8 Rd5 42. Rc8+ Kd7 43. Rc2 Kd6 44. Ke4 Ke6 45. Rd2 Re5+ 46. Kd3 Rd5 47. Kc4 b5+ 48. Kd3 Ke5 49. Ke2 Kf4 50. Rd3 Re5+ 51. Kd2 Ke4 52. Ke2 Kd5+ 53. Kd1 Re4 54. b3 Rf4 55. Ke1 Rf6 56. Kf1 Rc6 57. Ke2 Rc2+ 58. Kf3 Ke5 59. Kg2 Rc3 60. Rd2 Rxb3 61. Ra2 d3 62. Kf3 Rxb4 63. Ke3 Rd4 64. Rd2 a5 65. Rd1 b4 66. Kd2 a4 67. Rc1 b3 68. Re1+ Re4 69. Rc1 Kd4 70. Rb1 Re2+ 71. Kd1 Rxf2 72. Ke1 Ke3 73. Rd1 b2 74. Rb1 d2+ 75. Kd1 Rf1+ 76. Kc2 d1Q+ 77. Rxd1 Rxd1 78. Kxd1 b1Q# 0-1

[Event "ROM-ch U14 Girls"]
[Site "Baile Felix"]
[Date "2017.02.04"]
[Round "3"]
[White "Rata, Anamaria"]
[Black "Zoller, Iulia Timea"]
[Result "1-0"]
[WhiteElo "1496"]
[BlackElo "1001"]
[PlyCount "61"]
[EventDate "2017.02.02"]
[EventType "swiss"]
[EventRounds "9"]
[EventCountry "ROU"]
[SourceTitle "CBM 176 Extra"]
[Source "ChessBase"]
[SourceDate "2017.03.02"]
[SourceVersion "1"]
[SourceVersionDate "2017.03.02"]
[SourceQuality "1"]

1. e4 e5 2. Nf3 Nc6 3. Bc4 Bc5 4. c3 Nf6 5. d4 d6 6. dxc5 Be6 7. Bxe6 fxe6 8. cxd6 cxd6 9. Bg5 d5 10. exd5 exd5 11. 0-0 0-0 12. Re1 Qb6 13. b3 Qc5 14. Be3 Qd6 15. b4 e4 16. Bc5 Qb8 17. Nd4 Ng4 18. Qxg4 b6 19. Nxc6 Qb7 20. Bxf8 Rxf8 21. Qe6+ Kh8 22. Re3 Qf7 23. Qxf7 Rxf7 24. Na3 a6 25. Rd1 Rd7 26. Rxe4 h6 27. Re7 Rd6 28. Ne5 Kh7 29. Rd3 b5 30. Rg3 d4 31. Rexg7+ 1-0